01230nam a2200277 a 4500001000400000003001000004005001700014008004100031020001500072040002500087080002500112090002600137100003100163245020100194246014200395260003800537300002000575500004200595504002500637650004100662650006000703650003400763942001200797952013000809999001300939474BR-CuiBMT20231107212915.0231107s2006 mgb 000 0 por d a857308796X aBR-CuiBMTcBR-CuiBMT a351.94:336.14822007 a351.94:336.148bS237p1 aSantos, Rodrigo Valgas dos10aProcedimento administrativo nos tribunais de contas e nas câmaras municipais :bcontas anuais, princípios e garantias constitucionais /cRodrigo Valgas dos Santos ; [prefácio Odete Medauar].14aProcedimento administrativo nos tribunais de contas e nas câmaras municipais :bcontas anuais, princípios e garantias constitucionais aBelo Horizonte :bDel Rey,c2006. a255 p. :c23 cm aPrefácio retirado da capa do livro. aInclui bibliografia. aTribunal de contasxFiscalização aTribunal de contasxResponsabilidadexDireito comparado aExecução orçamentária 2udccLV 00102udc4070aBIBTCEMTbBIBTCEMTd2018-10-15l0o351.94:336.148 S237ppBIBTCEMT23110232r2023-11-07tEx. 1w2023-11-07yLV c474d474